00824nam a2200205Ia 4500003000900000008004100009020001800050040001600068080002200084100006700106111004000173245021700213260004200430300002300472650004100495650002400536650001800560650003200578650000800610IN-BaIIA211028s9999 xx 000 0 eng d a90-277-0209-8 cIIA Library a52(082.1)bASS-29 aDyer, E. R.  cLeningrad, U.S.S.R.d1970 May 12-19 0aSolar-Terrestrial Physics/1970bproceedings of the international Symposium on Solar-terrestrial Physics, held in Leningrad, U.S.S.R., 12–19 May 1970cE. R. Dyer  aDordrechtbD. Reidel Publishingc1972 a[various pagings.] aAstronomy and Astrophysics thesaurus aPlanetary relations aSolar Physics aSolar-Terrestrial relations aSun